No bastan los átomos. Dientes blancos (Registro nro. 910)
[ vista simple ]
| 000 -CABECERA | |
|---|---|
| Longitud fija campo de control | 00833nam a2200277Ia 4500 |
| 001 - NÚMERO DE CONTROL | |
| Número de control | 368448 |
| 003 - IDENTIFICADOR DEL NÚMERO DE CONTROL | |
| Identificador del número de control | EC-QuCCB |
| 005 - FECHA Y HORA DE LA ÚLTIMA TRANSACCIÓN | |
| Fecha y hora de la última transacción | 20231108131725.0 |
| 007 - CAMPO FIJO DE DESCRIPCIÓN FÍSICA--INFORMACIÓN GENERAL | |
| Campo fijo de descripción física | ta |
| 008 - DATOS DE LONGITUD FIJA--INFORMACIÓN GENERAL | |
| Códigos de información de longitud fija | 130917s1955 ec gr 001 d spa d |
| 040 ## - FUENTE DE LA CATALOGACIÓN | |
| Centro catalogador de origen | EC-QuCCB |
| 041 0# - CÓDIGO DE LENGUA | |
| Código de lengua del texto;banda sonora o título independiente | spa |
| 082 0# - NÚMERO DE LA CLASIFICACIÓN DECIMAL DEWEY | |
| Número de clasificación | Ec862 |
| Número de documento | A2837 |
| 084 ## - OTRO NÚMERO DE CLASIFICACIÓN | |
| Número de clasificación | FER2Lb014558 |
| 100 ## - ENTRADA PRINCIPAL--NOMBRE DE PERSONA | |
| Nombre de persona | Aguilera Malta, Demetrio, |
| Fechas asociadas con el nombre | 1909-1981 |
| 9 (RLIN) | 283 |
| 245 10 - MENCIÓN DE TÍTULO | |
| Título | No bastan los átomos. Dientes blancos |
| Mención de responsabilidad, etc. | Demetrio Aguilera Malta |
| 260 ## - PUBLICACIÓN, DISTRIBUCIÓN, ETC. (PIE DE IMPRENTA) | |
| Lugar de publicación, distribución, etc. | Quito, Ecuador : |
| Nombre del editor, distribuidor, etc. | Casa de la Cultura Ecuatoriana, |
| Fecha de publicación, distribución, etc. | 1955 |
| 300 ## - DESCRIPCIÓN FÍSICA | |
| Extensión | 120 páginas; |
| Dimensiones | 22 cm |
| 336 ## - TIPO DE CONTENIDO | |
| Content type term | texto |
| Content type code | txt |
| 337 ## - TIPO DE MEDIO | |
| Media type term | no mediado |
| Media type code | n |
| 338 ## - TIPO DE PORTADOR | |
| Carrier type term | volumen |
| Carrier type code | nc |
| 505 0# - NOTA DE CONTENIDO CON FORMATO | |
| Nota de contenido con formato preestablecido | No bastan los átomos, pieza en tres actos divididos en 10 cuadros -- Dientes blancos, pieza en 1 acto |
| 590 ## - NOTA LOCAL (RLIN) | |
| Nota local | jcc |
| 650 ## - PUNTO DE ACCESO ADICIONAL DE MATERIA--TÉRMINO DE MATERIA | |
| Nombre de materia o nombre geográfico como elemento de entrada | Teatro ecuatoriano |
| 9 (RLIN) | 15964 |
| 942 ## - ELEMENTOS DE PUNTO DE ACCESO ADICIONAL (KOHA) | |
| Fuente de clasificaión o esquema | Número de Clasificación Local |
| Koha [por defecto] tipo de item | Monografía |
| Suprimido | Perdido | Fuente de clasificación o esquema | Estropeado | No se presta | Koha Colección | Localización (Biblioteca) | Localización actual | Localización en estanterías | Fecha adquisición | Clasificación completa | Designación de pieza (código de barras) | Fecha última consulta | Número de ejemplar | Tipo de item de Koha | Restricciones de uso | Fuente de adquisición | Fecha del precio de reemplazo | Préstamos totales | Fecha último préstamo |
|---|---|---|---|---|---|---|---|---|---|---|---|---|---|---|---|---|---|---|---|
| Disponible | Dewey Decimal Classification | Sin daños | Disponible para préstamo | Biblioteca CCE - Bolívar | Biblioteca CCE - Bolívar | En Col. | 07/05/2018 | 862 A2837 | CCE-BOL18051931 | 07/05/2018 | Ej. 1 | Monografía | Sin restricciones de uso | 07/05/2018 | |||||
| Disponible | Dewey Decimal Classification | Sin daños | Disponible para préstamo | Biblioteca CCE - El Oro | Biblioteca CCE - El Oro | En Col. | 07/10/2015 | 862 A2837 | CCEORO'003306 | 02/04/2018 | Ej. 1 | Monografía | 07/10/2015 | 1 | 02/04/2018 | ||||
| Disponible | Dewey Decimal Classification | Sin daños | Disponible para préstamo | Biblioteca CCE - Imbabura | Biblioteca CCE - Imbabura | En Col. | 02/05/2016 | 862 A2837 | CCE-IMB16056061 | 02/05/2016 | Ej. 1 | Monografía | 02/05/2016 | ||||||
| Disponible | Dewey Decimal Classification | Sin daños | Disponible para préstamo | Biblioteca CCE - Loja | Biblioteca CCE - Loja | En Col. | 24/01/1991 | 862 A283 | CCELOJ'001842 | 14/07/2015 | Ej. 1 | Monografía | 14/07/2015 | ||||||
| Disponible | Dewey Decimal Classification | Sin daños | Disponible para préstamo | Biblioteca CCE - Los Ríos | Biblioteca CCE - Los Ríos | En Col. | 16/11/2015 | 862 A2837 | CCE-RIOS15115339 | 16/11/2015 | Ej. 1 | Monografía | 16/11/2015 | ||||||
| Disponible | Dewey Decimal Classification | Sin daños | Disponible para préstamo | Biblioteca CCE - Tungurahua | Biblioteca CCE - Tungurahua | En Col. | 19/06/2015 | 862 A2837 | CCETUN-002221 | 19/06/2015 | Ej. 1 | Monografía | 19/06/2015 | ||||||
| Disponible | Número de Clasificación Local | Sin daños | Disponible para préstamo | Biblioteca y Archivo de la CCE | Biblioteca y Archivo de la CCE | 22/02/2023 | FER2Lb014558 | E0028953 | 17/09/2013 | Ej. 3 | Monografía | ||||||||
| Disponible | Número de Clasificación Local | Sin daños | No para préstamo | REPOSITORIO DE LA MEMORIA INSTITUCIONAL | Biblioteca y Archivo de la CCE | Biblioteca y Archivo de la CCE | REPOSITORIO DE LA MEMORIA INSTITUCIONAL | 22/02/2023 | FER2Lb014558 | 17/09/2013 | Ej. 1 | Monografía | Acceso Restringido | Donación Sra. Laura de Crespo | |||||
| Disponible | Número de Clasificación Local | Sin daños | Disponible para préstamo | Biblioteca y Archivo de la CCE | Biblioteca y Archivo de la CCE | 22/02/2023 | FER2Lb014558 | 22/02/2023 | Ej. 2 | Monografía | 22/02/2023 |























